00000000nam##2200000za#4500
0019.631411
003CaOODSP
00520210624214321
007cr |||||||||||
008150407|2004||||xxc|||||o    f|0| 0 fre|d
020 |a0-662-76480-3
040 |aCaOODSP|bfre
043 |an-cn---
0861 |aSW21-111/2004F-PDF
1101 |aCanada. |bCondition féminine Canada.
24510|aIntégration des considérations liées à l'égalité entre les sexes dans la politique commerciale du Canada : |h[ressource électronique]|bétude de cas sur la mobilité de la main-d'oeuvre dans les accords commerciaux / |cpar Chantal Blouin ... [et al.]
260 |aOttawa - Ontario : |bCondition féminine Canada |c2004.
300 |a166p.
5203 |aCette étude porte sur les engagements du Canada aux termes des accords sur la mobilité de la main-d'oeuvre relevant de l'Accord de libre-échange nord-américain (Chapitre 16) et de l'Accord général sur le commerce des services (mode 4), dans la perspective de l'égalité entre les sexes.
590 |a06-10-Supp|b2006-12-15
69107|aAccord commercial|2gcpds
69107|aÉgalité des sexes|2gcpds
69107|aMobilité de la main-d'oeuvre|2gcpds
69107|aPolitique commerciale|2gcpds
7201 |aBlouin, Chantal
77508|tEngendering Canadian trade policy : |w(CaOODSP)9.686947
7760#|tEngendering Canadian trade policy : |w(CaOODSP)9.665455
7760#|tIntégration des considérations liées à l'égalité entre les sexes dans la politique commerciale du Canada : |w(CaOODSP)9.665456
85640|ahttp://publications.gc.ca|qPDF|s732 Ko|uhttps://publications.gc.ca/collections/Collection/SW21-111-2004F.pdf